000
00239nam a2200109Ia 4500
008
190216s9999||||xx |||||||||||||| ||und||
100
_a
Null
245
0
_a
"Al-Manhal Vol I,Ii"
260
_b
Al Hind Book Stals
650
_a
Arabic
942
_c
BK
999
_c
164
_d
164